What is this - Statistics

General Stats
  • This quiz has been taken 13 times
  • The average score is 5 of 12
Answer Stats
Picture Hint Answer % Correct
Time to go Toilet
92%
Hello there Fish
75%
No hint Lollipop
75%
Let’s swim Pool
75%
I’m angry at you Mad
67%
What’s up Hello
58%
What lake is this Lake Michigan
25%
Wahhhhhhhhhhh Sad
25%
What emoji would you use 🌲🌲🌲🌲🌲🌲🌲🌲
8%
Pizza Pizza
8%
Let’s go Here come Police
0%
Done Oh well
0%
No matching quizzes found
Score Distribution
Percent of People with Each Score
Percentile by Number Answered
Your Score History
You have not taken this quiz